| 000 | 00567nam a2200217Ia 4500 | ||
|---|---|---|---|
| 005 | 20250508165029.0 | ||
| 008 | 008 250505s9999 xx 000 0 eng d | ||
| 037 | _aTextual | ||
| 040 |
_aFEDL _beng _cFEDL |
||
| 041 |
_aeng _2eng |
||
| 084 |
_a121.7, BHA _qFEDL |
||
| 100 | _aBharucha Rustom | ||
| 245 | 0 | _aQuestion of faith | |
| 260 |
_aHyderabad, India _bOrient Longman _c1993 |
||
| 300 | _aix,94p. | ||
| 365 |
_aINR _b30 |
||
| 490 | _aTracts For The Times/3 | ||
| 546 | _aMACESE | ||
| 942 |
_cTEXL _h121.7, BHA |
||
| 999 |
_c1392745 _d1392745 |
||